000 00634nam a22001937a 4500
999 _c193845
_d193845
005 20221117161954.0
010 _aENG-135730
020 _c200.00
035 _aEN-119262
037 _bDBAD/PUB
082 _a791.43098
100 _aNivedita, Charu
245 _aTowards a third cinema/
_cby Charu Nivedita: translated by Subhash
260 _aMylapore
_bZero Degree Publishing
_c2018
270 _aG, Govardanm No. 47, Dr Ranga Road, Mylapore
_bChennai
_e600004
_mzerodegreepublishing@gmail.com
_k9840065000
300 _a110p.
_c21cm(pbk)
700 _aSubhash
_etranslater
942 _2ddc
_cEN
_mNIV
_h791.43098